| 000 | 00540nam a22002177a 4500 | ||
|---|---|---|---|
| 003 | EC-GqESP | ||
| 005 | 20250530162031.0 | ||
| 008 | 250530b |||||||| |||| 00| 0 eng d | ||
| 020 | _a88-86256-31-0 | ||
| 041 | _aSPA | ||
| 082 | _a740 | ||
| 110 | _aVinciana Editora | ||
| 245 | _aPintemos los retratos 32 | ||
| 250 | _aS/E | ||
| 260 |
_aItalia _bVinciana Editora _cS/F |
||
| 300 |
_a30 p. _bDibujo _c35x25 cm |
||
| 500 | _aPintemos los retratos 32 (Colección Leonardo) | ||
| 650 | _aretratos | ||
| 650 | _aDibujo | ||
| 942 | _c01 | ||
| 999 |
_c238002 _d238002 |
||